000 00854nam0a22002531 4500
001 rc\118181
005 20250620190124.0
010 _a5-265-02030-6
_915000
035 _a(NLR Aleph) 005376359
090 _a7053770
_c7053770
100 _a20021216d1991 |||y0rusy50 ca
101 0 _arus
102 _aRU
105 _ay |||||||||
200 1 _aНикому тебя не отдам
_eРоман
_fОлесь Лупий
_gАвториз. пер. с укр. А. Подмогильного
210 _aМ.
_cСов. писатель
_d1991
215 _a394, [2] с.
_d20
300 _aПеред вып. дан. авт.: Олесь Лупий (Александр Васильевич)
700 1 _aЛупий
_bО.
_f1937-
_gОлесь
801 0 _aRU
_bNLR
_gpsbo
801 1 _aRU
_bELAR
_2rusmarc
852 _aNLR
_j91-3/10024
942 _cBOOK
980 _aNB